Normal view MARC view
  • Boix i Selva, J. M.

Entry Nom personal

Number of records used in: 1

001 - NÚMERO DE CONTROL

  • campo de control: 169004

003 - IDENTIFICADOR DEL NÚMERO DE CONTROL

  • campo de control: ES-BaIT

005 - FECHA Y HORA DE LA ÚLTIMA TRANSACCIÓN

  • campo de control: 20260316101728.0

008 - DATOS DE LONGITUD FIJA

  • campo de control de longitud fija: 260316|| aca||aabn | a|a d

040 ## - FUENTE DE LA CATALOGACIÓN

  • Centro catalogador/agencia de origen: ES-BaIT

100 1# - ENCABEZAMIENTO-NOMBRE DE PERSONA

  • Nombre de persona: Boix i Selva, J. M.
  • Forma completa/desarrollada del nombre: (Josep Maria),
  • Fechas asociadas al nombre: 1914-1996

Powered by Koha